Duplex stainless steels.

Uloženo v:
Podrobná bibliografie
Korporace: SANDVIK AB (Sandviken) (Autor), Sandvik Slovakia, s.r.o. (Bratislava) (Sestavovatel, kompilátor)
Médium: Kniha
Jazyk:angličtina
Vydáno: [S.l.] : [s.n.], [2010]
Vydání:[1st ed.]
Témata:
On-line přístup: Získat plný text
Tagy: Přidat tag
Žádné tagy, Buďte první, kdo vytvoří štítek k tomuto záznamu!

MARC

LEADER 00000nam a2200000 4500
003 SK-BrCVT
005 20220621163821.0
008 101013s2010 sw e ||||||eng d
035 |a CVTIDW0003333 
040 |b slo  |a CVTI SR  |e AACR2 
041 0 |a eng 
044 |a sw 
080 |a 669.1  |2 UDC-MRF 
110 2 |a SANDVIK AB (Sandviken)  |4 aut 
245 1 0 |a Duplex stainless steels. 
250 |a [1st ed.] 
260 |a [S.l.] :  |b [s.n.],  |c [2010] 
300 |a 12 s. :  |b grafy, obr., tab. ; 
653 1 |a nerezová oceľ 
710 2 |a Sandvik Slovakia, s.r.o. (Bratislava)  |4 com 
856 4 |u http://www.steel.sandvik.com 
910 |b F030737 
959 |a 5202 
974 |a agnesa.remenarova  |f Firemná literatúra 
992 |a FFP 
999 |c 159531  |d 159531